| 000 -LEADER | |
|---|---|
| fixed length control field | 00315nam a22001337a 4500 |
| 008 - FIXED-LENGTH DATA ELEMENTS--GENERAL INFORMATION | |
| fixed length control field | 260427b |||||||| |||| 00| 0 eng d |
| 020 ## - INTERNATIONAL STANDARD BOOK NUMBER | |
| International Standard Book Number | 978-9364446570 |
| 082 ## - DEWEY DECIMAL CLASSIFICATION NUMBER | |
| Classification number | 002022 |
| 100 ## - MAIN ENTRY--PERSONAL NAME | |
| Personal name | Singh,Ramesh |
| 245 ## - TITLE STATEMENT | |
| Title | Indian Economy Courseware |
| 260 ## - PUBLICATION, DISTRIBUTION, ETC. | |
| Place of publication, distribution, etc. | Chennai |
| Name of publisher, distributor, etc. | McGraw Hill |
| Date of publication, distribution, etc. | 2026 |
| 300 ## - PHYSICAL DESCRIPTION | |
| Extent | 591p |
| 942 ## - ADDED ENTRY ELEMENTS (KOHA) | |
| Source of classification or shelving scheme | Dewey Decimal Classification |
| Withdrawn status | Lost status | Source of classification or shelving scheme | Damaged status | Not for loan | Home library | Current library | Shelving location | Date acquired | Source of acquisition | Inventory number | Total Checkouts | Full call number | Barcode | Date last seen | Price effective from | Koha item type |
|---|---|---|---|---|---|---|---|---|---|---|---|---|---|---|---|---|
| Dewey Decimal Classification | Karnataka Samskrit University Library | Karnataka Samskrit University Library | General Stacks | 03/31/2026 | Book Paradise | 11654 | 002022 | 002022 | 04/27/2026 | 04/27/2026 | Books | |||||
| Dewey Decimal Classification | Karnataka Samskrit University Library | Karnataka Samskrit University Library | General Stacks | 03/31/2026 | Book Paradise | 11654 | 002022 | 002023 | 04/27/2026 | 04/27/2026 | Books | |||||
| Dewey Decimal Classification | Karnataka Samskrit University Library | Karnataka Samskrit University Library | General Stacks | 03/31/2026 | Book Paradise | 11654 | 002022 | 002024 | 04/27/2026 | 04/27/2026 | Books |